Logo CIB grande

ESTADISTICA PARA ADMINISTRADORES (Registro nro. 193768)

Detalles MARC
000 -LEADER
campo de control de longitud fija 00800nam a2200289Ia 4500
005 - FECHA Y HORA DE LA ÚLTIMA TRANSACCIÓN
campo de control 20250425160652.0
008 - DATOS DE LONGITUD FIJA--INFORMACIÓN GENERAL
campo de control de longitud fija 250425s9999 xx 000 0 und d
020 ## - NÚMERO INTERNACIONAL ESTÁNDAR DEL LIBRO
Número Internacional Estándar del Libro 968727056X
041 ## - CÓDIGO DE IDIOMA
Código de lengua del texto/banda sonora o título independiente spa
043 ## - CÓDIGO DE ÁREA GEOGRÁFICA
Código de área geográfica mx
082 ## - NÚMERO DE LA CLASIFICACIÓN DECIMAL DEWEY
Número de clasificación 519.5
010 ## - NÚMERO DE CONTROL DE LA BIBLIOTECA DEL CONGRESO
Número de control de LC 1894
100 ## - ENTRADA PRINCIPAL--NOMBRE DE PERSONA
Nombre de persona MENDENHALL, WILLIAM
245 #0 - MENCIÓN DEL TÍTULO
Título ESTADISTICA PARA ADMINISTRADORES
250 ## - MENCION DE EDICION
Mención de edición 2 ED.
260 ## - PUBLICACIÓN, DISTRIBUCIÓN, ETC.
Lugar de publicación, distribución, etc. México
Nombre del editor, distribuidor, etc. GRUPO EDITORIAL IBEROAMERICANA, S.A. DE C.V.
Fecha de publicación, distribución, etc. 1990
260 ## - PUBLICACIÓN, DISTRIBUCIÓN, ETC.
Lugar de publicación, distribución, etc. S.L.
300 ## - DESCRIPCIÓN FÍSICA
Extensión 817
500 ## - NOTA GENERAL
Nota general Título Traducido: A COURSE IN BUSINESS STATISTICS
650 ## - PUNTO DE ACCESO ADICIONAL DE MATERIA--TÉRMINO DE MATERIA
Término de materia o nombre geográfico como elemento de entrada ANALISIS DE REGRESION
650 ## - PUNTO DE ACCESO ADICIONAL DE MATERIA--TÉRMINO DE MATERIA
Término de materia o nombre geográfico como elemento de entrada CONTROL DE CALIDAD
650 ## - PUNTO DE ACCESO ADICIONAL DE MATERIA--TÉRMINO DE MATERIA
Término de materia o nombre geográfico como elemento de entrada ESTADISTICAS
650 ## - PUNTO DE ACCESO ADICIONAL DE MATERIA--TÉRMINO DE MATERIA
Término de materia o nombre geográfico como elemento de entrada PROBABILIDADES
700 ## - ENTRADA AGREGADA--NOMBRE PERSONAL
Nombre de persona DIRK VALCHX VERBEECK
Término indicativo de función/relación traductor
710 ## - ENTRADA AGREGADA--NOMBRE DE ENTIDAD CORPORATIVA
Nombre de entidad corporativa o nombre de jurisdicción como elemento de entrada GRUPO EDITORIAL IBEROAMERICANA, S.A. DE C.V.
942 ## - ELEMENTOS DE ENTRADA SECUNDARIOS (KOHA)
Tipo de ítem Koha Libros
Existencias
Estatus retirado Estado de pérdida Estado de daño No para préstamo Biblioteca de origen Biblioteca actual Ubicación en estantería Fecha de adquisición Coste, precio normal de compra Total de préstamos Código de barras Copia número Nota pública Etiqueta RFID Tipo de ítem Koha
        CENTRO DE INFORMACIÓN BIBLIOTECARIA CENTRO DE INFORMACIÓN BIBLIOTECARIA   21/08/2009 2.00   D-39491 7   0000000000000000008892 Libros
        ESCUELA DE NEGOCIOS ESCUELA DE NEGOCIOS   09/07/2001 1.00   CP-00132 8 COMPRA    

Copyright 2025 ESPOL. Todos los derechos reservados.